00425 2200181 4500001002100000005001500021008004100036020002200077035001900099041000700118082000800125090001400133100002400147245001500171260002800186300001800214650001100232INLIS00000000000277320241224112611241224||||||||| | ||| |||| || |  a978-979-8003-50-9 0010-1224002773 aen0 a819 a819 CHY d0 aChye Retty Isnendes00aDua Wanoja bKiblat Buku Utamac2014 a107 hlm;20 cm 0aSastra